Statistics for Former Names of REPUBLIC OF IRELAND Railway Stations

Click here to take the quiz!

General Stats

  • This quiz has been taken 9 times
  • The average score is 7 of 16

Answer Stats

Former NameYearCURRENT NAME% Correct
Amiens Street1966Dublin Connolly
100%
Kingsbridge1966Dublin Heuston
88%
Westland Row1966Dublin Pearse
75%
Glanmire Road1966Cork Kent
63%
Tipperary Junction????Limerick Junction
63%
_______ & Bettystown????Laytown
50%
Bagnalstown1988Muine Bheag
38%
Roscrea & Parsonstown Junction1871Ballybrophy
25%
Kingstown Harbour1966Dun Laoghaire Mallin
25%
Mostrim1990sEdgeworthstown
25%
__________ & Delgany????Greystones
25%
Phoenix Park2011Navan Road Parkway
25%
Maryborough ????Portlaoise
25%
________ & Newtownmountkennedy1870sKilcoole
13%
________ & Ballybrack1921Killiney
13%
Monkstown & _______????Seapoint
13%

Score Distribution

Percentile by Number Answered

Percent of People with Each Score

Your Score History

You have not taken this quiz